00471nam a2200205Ia 4500003000900000008004100009040001300050040001300063041000800076100001900084100000900103245004800112250001200160260003100172260000900203300001100212300001200223490000600235600002400241IT-RoPAU120407s9999 xx 000 0 und d aIT-RoPAU cIT-RoPAU aeng aBenhard Haring ccssr aToward a Christian moral Theology. Vol. II aIndiana aUniv, of Notre Dame Press c1966 a230 p. c21,5 cm v1 a1. Morale - sec. XX